header

Nanoscale materials in chemistry (Record no. 48692)

MARC details
000 -LEADER
fixed length control field 01191nam a2200325Ia 4500
082 04 - DEWEY DECIMAL CLASSIFICATION NUMBER
Classification number 660
245 00 - TITLE STATEMENT
Title Nanoscale materials in chemistry
250 ## - EDITION STATEMENT
Edition statement 2nd ed.
260 ## - PUBLICATION, DISTRIBUTION, ETC. (IMPRINT)
Place of publication Hoboken, N.J. :
Name of publisher Wiley,
Year of publication c2009.
300 ## - PHYSICAL DESCRIPTION
Number of Pages xiii, 777 p. :
Other physical details ill.
500 ## - GENERAL NOTE
General note Includes index.
650 #0 - SUBJECT ADDED ENTRY--TOPICAL TERM
Topical Term Nanostructured materials.
Topical Term Nanotechnology.
700 1# - ADDED ENTRY--PERSONAL NAME
Personal name Klabunde, Kenneth J.
Personal name Richards, Ryan.
856 40 - ELECTRONIC LOCATION AND ACCESS
Uniform Resource Identifier http://site.ebrary.com/lib/rucke/Doc?id=10344083

No items available.

© 2026 Rongo University
Contact us: librarian | system librarian | Rongo university